Normal view
MARC view
- الإختبارات والمقاييس التربوية
Entry Topical Term
001 - CONTROL NUMBER
- control field: 38662
003 - CONTROL NUMBER IDENTIFIER
- control field: JO-AjAnu
005 - DATE AND TIME OF LATEST TRANSACTION
- control field: 20230606080433.0
008 - FIXED-LENGTH DATA ELEMENTS
- fixed length control field: 230606|| aca||aabn | a|a d
040 ## - CATALOGING SOURCE
- Original cataloging agency: JO-AjAnu
- Transcribing agency: JO-AjAnu
150 ## - HEADING--TOPICAL TERM
- Topical term or geographic name entry element: الإختبارات والمقاييس التربوية
670 ## - SOURCE DATA FOUND
- Source citation: Work cat.: (JO-AjAnu)19829: كلية كولومبو للتعليم التقني سنقافورة إعداد حميد، أكرم جاسم مترجم, author 38661, تصميم الأدوات الإختيارية لغرض تقويم الطلبة:تدريب المدرسين قبل الخدمة